[Event "European Blitz Championship 2021"]
[Site "Katowice"]
[Date "2021.12.17"]
[Round "12"]
[White "Nasuta, Grzegorz"]
[Black "Plat, Vojtech"]
[Result "1/2-1/2"]
[WhiteElo "2377"]
[BlackElo "2548"]
[Annotator "RC"]
[PlyCount "111"]
[EventDate "2021.12.17"]
[EventType "swiss"]
[EventCountry "POL"]
[SourceTitle "playchess.com"]
[Source "ChessBase"]
[SourceQuality "1"]

1. e4 g6 2. d4 Bg7 3. Nc3 d5 4. exd5 Nf6 5. Nf3 Nbd7 6. Be2 Nb6 7. O-O O-O 8.
h3 Nbxd5 9. Nxd5 Nxd5 10. c4 Nb6 11. Be3 c6 12. Qb3 Bf5 13. Rfd1 h6 14. a4 Bc8
15. Rac1 Nd7 16. d5 Qc7 17. Qa3 c5 18. b4 b6 19. a5 Rb8 20. Nd2 cxb4 21. Qxb4
Nc5 22. axb6 axb6 23. Nb3 Nxb3 24. Qxb3 Bf5 25. Qb4 Rfc8 26. Qd2 g5 27. Bd3
Bxd3 28. Qxd3 Qd6 29. Rb1 e6 30. dxe6 Qxe6 31. Rb4 Bf8 32. Rb5 Rxc4 33. Rxb6
Rxb6 34. Bxb6 Re4 35. Be3 Be7 36. Rb1 Rc4 37. Rb8+ Rc8 38. Rb6 Rc6 39. Rxc6
Qxc6 40. Qf5 Bf6 41. h4 gxh4 42. Bxh6 Qd6 43. Bf4 Qe7 44. Kh2 Bg7 45. Qg4 Qf6
46. Kh3 Kh7 47. Qxh4+ Qxh4+ 48. Kxh4 Kg6 49. Be3 f5 50. Kg3 Be5+ 51. Bf4 Bg7
52. Kf3 Bf6 53. Bd6 Bd4 54. Bb4 Ba7 55. Bd2 Bc5 56. Be3 1/2-1/2

[Event "European Blitz Championship 2021"]
[Site "Katowice"]
[Date "2021.12.17"]
[Round "12"]
[White "Lubczynski, Rafal"]
[Black "Kastelik, Adrian"]
[Result "*"]
[WhiteElo "2361"]
[BlackElo "2248"]
[Annotator "NA"]
[PlyCount "81"]
[EventDate "2021.12.17"]
[EventType "swiss"]
[EventCountry "POL"]
[SourceTitle "playchess.com"]
[Source "ChessBase"]
[SourceQuality "1"]

1. Nf3 d5 2. c4 c6 3. g3 Nf6 4. Bg2 Bf5 5. O-O e6 6. b3 Nbd7 7. Bb2 dxc4 8.
bxc4 Qb6 9. Qc1 Be7 10. d3 O-O 11. Nbd2 Rfe8 12. e4 Bg6 13. e5 Ng4 14. d4 Rad8
15. c5 Qa6 16. Re1 Bd3 17. Ne4 Bxe4 18. Rxe4 Nh6 19. Nd2 Nb8 20. Bf1 Qa5 21.
Nc4 Qc7 22. Bc3 b6 23. Nd6 Rf8 24. Rb1 Nd7 25. Qa3 Bxd6 26. exd6 Qb7 27. Ba6
Qb8 28. Re2 Nf6 29. d5 Nxd5 30. Ba1 Rfe8 31. Qf3 Nf5 32. Bd3 Nxd6 33. cxd6 Qxd6
34. Qg4 f6 35. Qh5 g6 36. Bxg6 hxg6 37. Qxg6+ Kf8 38. Bxf6 Rd7 39. Qh6+ Kg8 40.
Qh8+ Kf7 41. Qg7# *

[Event "European Blitz Championship 2021"]
[Site "Katowice"]
[Date "2021.12.17"]
[Round "12"]
[White "Druckenthaner, Andreas"]
[Black "Praczukowski, Stanislaw"]
[Result "0-1"]
[WhiteElo "2346"]
[BlackElo "2069"]
[Annotator "NA"]
[PlyCount "74"]
[EventDate "2021.12.17"]
[EventType "swiss"]
[EventCountry "POL"]
[SourceTitle "playchess.com"]
[Source "ChessBase"]
[SourceQuality "1"]

1. e4 c5 2. Nf3 d6 3. Nc3 Nf6 4. g3 g6 5. Bg2 Bg7 6. O-O Nc6 7. d3 O-O 8. h3
Rb8 9. Bf4 Nd7 10. Qd2 Nde5 11. Nxe5 Nxe5 12. Kh2 b5 13. Bh6 b4 14. Ne2 Bb7 15.
Bxg7 Kxg7 16. f4 Nd7 17. f5 Ne5 18. Nf4 Qd7 19. g4 a5 20. Qf2 Ba6 21. Nd5 e6
22. f6+ Kh8 23. Ne7 Nc6 24. Qh4 Nd4 25. Rf2 c4 26. dxc4 Bxc4 27. Rd1 e5 28.
Rxd4 exd4 29. Qh6 Rg8 30. g5 a4 31. Rf4 Be2 32. Bf3 Bxf3 33. Rxf3 Qe6 34. Rf4
Qe5 35. Kg3 b3 36. Nxg8 Rxg8 37. cxb3 axb3 0-1

[Event "European Blitz Championship 2021"]
[Site "Katowice"]
[Date "2021.12.17"]
[Round "12"]
[White "Piesik, Piotr"]
[Black "Kozlowski, Michal"]
[Result "0-1"]
[WhiteElo "2336"]
[BlackElo "2047"]
[Annotator "NA"]
[PlyCount "74"]
[EventDate "2021.12.17"]
[EventType "swiss"]
[EventCountry "POL"]
[SourceTitle "playchess.com"]
[Source "ChessBase"]
[SourceQuality "1"]

1. Nf3 d5 2. g3 Nf6 3. Bg2 b6 4. O-O Bb7 5. d3 Nbd7 6. Nbd2 g6 7. e4 dxe4 8.
Ng5 Bg7 9. Ngxe4 Nxe4 10. Nxe4 O-O 11. Nf6+ Nxf6 12. Bxb7 Rb8 13. Bg2 e6 14. c3
Qd7 15. d4 Rfd8 16. Qf3 h6 17. Bxh6 Bxh6 18. Qxf6 Bg7 19. Qg5 c5 20. dxc5 bxc5
21. Rab1 Qb5 22. h4 c4 23. Qf4 Be5 24. Qg4 Rd2 25. h5 Rxb2 26. Rxb2 Qxb2 27.
hxg6 Qxc3 28. gxf7+ Kxf7 29. Rd1 Ke7 30. Bh3 Rb6 31. Qg8 Rd6 32. Rxd6 Kxd6 33.
Qxe6+ Kc5 34. Qe7+ Kb6 35. Bg2 Qe1+ 36. Kh2 Bxg3+ 37. fxg3 Qxe7 0-1

[Event "European Blitz Championship 2021"]
[Site "Katowice"]
[Date "2021.12.17"]
[Round "12"]
[White "Danielyan, Vahe"]
[Black "Donchenko, Alexander"]
[Result "1-0"]
[WhiteElo "2332"]
[BlackElo "2645"]
[Annotator "RC"]
[PlyCount "93"]
[EventDate "2021.12.17"]
[EventType "swiss"]
[EventCountry "POL"]
[SourceTitle "playchess.com"]
[Source "ChessBase"]
[SourceQuality "1"]

1. e4 c6 2. Nc3 d5 3. Nf3 Bg4 4. h3 Bxf3 5. Qxf3 e6 6. g3 Nd7 7. Bg2 d4 8. Ne2
Qb6 9. O-O Ne5 10. Qh5 Bd6 11. Nf4 Nf6 12. Qe2 h5 13. Nd3 Nxd3 14. cxd3 e5 15.
f4 Qc7 16. b3 h4 17. fxe5 Bxe5 18. g4 Qe7 19. a4 Bd6 20. Bb2 Qe5 21. Bf3 Nh7
22. Qg2 Ng5 23. Be2 g6 24. Rac1 c5 25. b4 b6 26. a5 O-O 27. a6 Rac8 28. b5 Ne6
29. Rf3 Nf4 30. Qf1 Kg7 31. Bd1 Rh8 32. Bb3 Rcf8 33. Ba1 Rhg8 34. Bb2 Kh7 35.
Qf2 Qg5 36. Rf1 f5 37. Rxf4 Bxf4 38. Bxg8+ Kxg8 39. Qxf4 Qxf4 40. Rxf4 fxg4 41.
Rxf8+ Kxf8 42. hxg4 Ke7 43. Kh2 g5 44. Kh3 Kd6 45. Ba3 Kc7 46. e5 Kd7 47. Bxc5
1-0

[Event "European Blitz Championship 2021"]
[Site "Katowice"]
[Date "2021.12.17"]
[Round "12"]
[White "Janaszak, Dawid"]
[Black "Jazdanovs, Aleksandrs"]
[Result "1-0"]
[WhiteElo "2328"]
[BlackElo "2042"]
[Annotator "NA"]
[PlyCount "65"]
[EventDate "2021.12.17"]
[EventType "swiss"]
[EventCountry "POL"]
[SourceTitle "playchess.com"]
[Source "ChessBase"]
[SourceQuality "1"]

1. e4 c5 2. Nc3 d6 3. f4 Nc6 4. Nf3 g6 5. Bc4 Bg7 6. O-O e6 7. d4 cxd4 8. Nb5
Nge7 9. Bb3 O-O 10. Nbxd4 Na5 11. c3 Nxb3 12. axb3 a6 13. Kh1 e5 14. Ne2 Qb6
15. b4 Be6 16. Ng3 exf4 17. Bxf4 d5 18. e5 Nc6 19. Qd2 d4 20. Nxd4 Nxd4 21.
Qxd4 Qxd4 22. cxd4 Rfd8 23. Rfd1 Bf8 24. Bg5 Rd5 25. Ne4 Rb5 26. d5 Bf5 27.
Nf6+ Kg7 28. d6 h6 29. Bd2 Rxe5 30. Bc3 Kxf6 31. Rd5 Rae8 32. Re1 Bxd6 33.
Rxd6+ 1-0

[Event "European Blitz Championship 2021"]
[Site "Katowice"]
[Date "2021.12.17"]
[Round "12"]
[White "Jagodzinski, Piotr"]
[Black "Malek, Jan"]
[Result "0-1"]
[WhiteElo "2298"]
[BlackElo "1838"]
[Annotator "NA"]
[PlyCount "98"]
[EventDate "2021.12.17"]
[EventType "swiss"]
[EventCountry "POL"]
[SourceTitle "playchess.com"]
[Source "ChessBase"]
[SourceQuality "1"]

1. Nf3 d5 2. b3 c6 3. Bb2 Bg4 4. e3 Nd7 5. Be2 Ngf6 6. d3 e6 7. Nbd2 Bd6 8. a3
a5 9. c4 O-O 10. h3 Bh5 11. O-O Qe7 12. Re1 e5 13. Nf1 Rfe8 14. Qc2 e4 15. dxe4
dxe4 16. Nd4 Bg6 17. Red1 Nc5 18. b4 Nd3 19. c5 Be5 20. Bc3 Nd5 21. Qb3 Qf6 22.
Bxd3 exd3 23. bxa5 Nxc3 24. Qxc3 Bxd4 25. exd4 Re2 26. f3 Qg5 27. g3 Qh5 28.
Rd2 Qxh3 29. Rxe2 dxe2 30. Ne3 Qxg3+ 31. Ng2 Re8 32. Re1 Bf5 33. Qd2 Qxf3 34.
Qf4 Qh3 35. Kf2 Be4 36. Ne3 Bd3 37. a6 Bxa6 38. d5 cxd5 39. Nxd5 Qd3 40. Ne3 h6
41. Nf5 Qe4 42. Nxh6+ gxh6 43. Rg1+ Qg6 44. Rxg6+ fxg6 45. Ke1 Rf8 46. Qg3 Rf1+
47. Kd2 e1=Q+ 48. Qxe1 Rxe1 49. Kxe1 Kf7 0-1

[Event "European Blitz Championship 2021"]
[Site "Katowice"]
[Date "2021.12.17"]
[Round "12"]
[White "Szpar, Milosz"]
[Black "Spalir, Jernej"]
[Result "0-1"]
[WhiteElo "2285"]
[BlackElo "2368"]
[Annotator "NA"]
[PlyCount "66"]
[EventDate "2021.12.17"]
[EventType "swiss"]
[EventCountry "POL"]
[SourceTitle "playchess.com"]
[Source "ChessBase"]
[SourceQuality "1"]

1. e4 e5 2. Nf3 Nc6 3. Bb5 a6 4. Ba4 Nf6 5. O-O Be7 6. d3 b5 7. Bb3 d6 8. a4
Bd7 9. c3 O-O 10. Nbd2 h6 11. Re1 Re8 12. Nf1 Na5 13. Bc2 c5 14. Ng3 Bf8 15. h3
Nc6 16. Bb3 Na5 17. Bc2 Qc7 18. d4 cxd4 19. cxd4 Rec8 20. Re2 Rab8 21. axb5
Bxb5 22. Rd2 Nc4 23. Rd3 Nxb2 24. Bxb2 Bxd3 25. Bxd3 Rxb2 26. Bxa6 Qc2 27. Qe1
Rcb8 28. Rc1 Qxc1 29. Qxc1 Rb1 30. Qxb1 Rxb1+ 31. Kh2 exd4 32. Nxd4 Rb4 33. Nc6
Rb6 0-1

[Event "European Blitz Championship 2021"]
[Site "Katowice"]
[Date "2021.12.17"]
[Round "12"]
[White "Zakrzewski, Marek"]
[Black "Dragnev, Valentin"]
[Result "0-1"]
[WhiteElo "2279"]
[BlackElo "2548"]
[Annotator "ChessBase"]
[PlyCount "53"]
[EventDate "2021.12.17"]
[EventType "swiss"]
[EventCountry "POL"]
[SourceTitle "playchess.com"]
[Source "ChessBase"]
[SourceQuality "1"]

1. e4 d5 2. exd5 Qxd5 3. Nc3 Qa5 4. d4 Nf6 5. Nf3 Bf5 6. Bc4 Nbd7 7. O-O c6 8.
Bd2 e6 9. Nh4 Bg6 10. Re1 Qc7 11. h3 Bd6 12. a4 O-O 13. Nxg6 hxg6 14. a5 Bh2+
15. Kh1 Bf4 16. g3 Bxd2 17. Qxd2 Rad8 18. Qe2 Rfe8 19. Ne4 c5 20. dxc5 Nxc5 21.
Nxf6+ gxf6 22. b4 Nd7 23. Bb5 Re7 24. Bxd7 Rexd7 25. Red1 Qc3 26. b5 Rd2 27.
Qg4 0-1

[Event "European Blitz Championship 2021"]
[Site "Katowice"]
[Date "2021.12.17"]
[Round "12"]
[White "Kozak, Antoni"]
[Black "Sokolowski, Jacek"]
[Result "1-0"]
[WhiteElo "2272"]
[BlackElo "2043"]
[Annotator "NA"]
[PlyCount "127"]
[EventDate "2021.12.17"]
[EventType "swiss"]
[EventCountry "POL"]
[SourceTitle "playchess.com"]
[Source "ChessBase"]
[SourceQuality "1"]

1. d4 d5 2. Bf4 Nf6 3. e3 e6 4. c3 c5 5. Nd2 Nc6 6. Ngf3 cxd4 7. exd4 Nh5 8.
Be3 g6 9. Ne5 f6 10. Nd3 Bd6 11. g3 Ng7 12. f4 Nf5 13. Bf2 O-O 14. Bg2 b6 15.
O-O Ba6 16. Nf3 Qd7 17. Re1 Bxd3 18. Qxd3 Na5 19. Re2 Rae8 20. Rae1 Bb8 21. Bh3
Nc4 22. Kg2 Ncd6 23. g4 Ng7 24. Bg3 Ne4 25. g5 Nh5 26. gxf6 Rxf6 27. Ne5 Bxe5
28. fxe5 Nf4+ 29. Bxf4 Rxf4 30. Kg1 Ref8 31. Bg2 Nf2 32. Qd2 Ng4 33. h3 Nh6 34.
Rf1 Rxf1+ 35. Bxf1 Nf5 36. Rf2 Qe7 37. Qf4 Kh8 38. Bd3 Rg8 39. Kh2 g5 40. Qg4
Nh4 41. Qh5 Ng6 42. Rf6 Qe8 43. Bxg6 Rxg6 44. Rxg6 Qxg6 45. Qxg6 hxg6 46. a4 a6
47. Kg3 Kg7 48. Kg4 Kh6 49. a5 bxa5 50. b3 a4 51. bxa4 a5 52. Kf3 Kh5 53. Kg3
g4 54. hxg4+ Kg5 55. Kh3 Kf4 56. Kh4 Ke4 57. Kg5 Kd3 58. Kxg6 Kxc3 59. Kf6 Kxd4
60. g5 Ke3 61. g6 d4 62. g7 d3 63. g8=Q d2 64. Qg4 1-0

[Event "European Blitz Championship 2021"]
[Site "Katowice"]
[Date "2021.12.17"]
[Round "12"]
[White "Dzierzak, Radoslaw"]
[Black "Kosakowski, Jakub"]
[Result "0-1"]
[WhiteElo "2264"]
[BlackElo "2340"]
[Annotator "NA"]
[PlyCount "66"]
[EventDate "2021.12.17"]
[EventType "swiss"]
[EventCountry "POL"]
[SourceTitle "playchess.com"]
[Source "ChessBase"]
[SourceQuality "1"]

1. e4 c5 2. Nf3 d6 3. d4 cxd4 4. Nxd4 Nf6 5. Nc3 a6 6. g3 e5 7. Nde2 Nbd7 8. a4
Be7 9. Bg2 O-O 10. O-O b6 11. Nd5 Nxd5 12. Qxd5 Ra7 13. Nc3 Nf6 14. Qd3 Be6 15.
Rd1 h6 16. h3 Qc8 17. Kh2 Rd8 18. Be3 Bc4 19. Qd2 Rb7 20. f4 b5 21. axb5 axb5
22. Qf2 b4 23. Na4 Qc6 24. fxe5 dxe5 25. Rxd8+ Bxd8 26. Nc5 Rb8 27. b3 Bb5 28.
Ra7 Rc8 29. Qf5 Bb6 30. Rxf7 Kxf7 31. g4 Bxc5 32. g5 Bxe3 33. g6+ Kf8 0-1

[Event "European Blitz Championship 2021"]
[Site "Katowice"]
[Date "2021.12.17"]
[Round "12"]
[White "Wieczorek, Oskar"]
[Black "Mica, Marek"]
[Result "1-0"]
[WhiteElo "2258"]
[BlackElo "2055"]
[Annotator "NA"]
[PlyCount "101"]
[EventDate "2021.12.17"]
[EventType "swiss"]
[EventCountry "POL"]
[SourceTitle "playchess.com"]
[Source "ChessBase"]
[SourceQuality "1"]

1. e4 c6 2. d4 d5 3. Nd2 dxe4 4. Nxe4 Bf5 5. Ng3 Bg6 6. c3 e6 7. Nh3 Bd6 8. Nf4
Nf6 9. h4 Bxf4 10. Bxf4 h5 11. Be2 Nbd7 12. Qb3 Qb6 13. Bd6 Ne4 14. Nxe4 Bxe4
15. O-O Nf6 16. Rfe1 Qxb3 17. axb3 Kd7 18. Be5 a5 19. Ra3 b6 20. Rea1 Rac8 21.
b4 axb4 22. Ra7+ Ke8 23. Bd6 Nd7 24. f3 Bf5 25. cxb4 e5 26. dxe5 Be6 27. b5 c5
28. Rb7 f6 29. exf6 gxf6 30. Raa7 Rg8 31. Kf2 Rg6 32. Bd3 f5 33. Bf4 c4 34. Be2
c3 35. bxc3 Rxc3 36. Ra8+ Ke7 37. Be3 Rc2 38. Bxb6 Bc4 39. Bc5+ Ke6 40. Re8+
Kd5 41. Rxd7+ Kxc5 42. Rc7+ Kb4 43. Rxc4+ Rxc4 44. Bxc4 Kxc4 45. Re5 f4 46.
Rxh5 Rd6 47. Rf5 Rd2+ 48. Kg1 Kd3 49. Rxf4 Rb2 50. Re4 Rxb5 51. Kh2 1-0

[Event "European Blitz Championship 2021"]
[Site "Katowice"]
[Date "2021.12.17"]
[Round "12"]
[White "Redzisz, Michal"]
[Black "Starek, Stanislav"]
[Result "0-1"]
[WhiteElo "2257"]
[BlackElo "2159"]
[Annotator "NA"]
[PlyCount "40"]
[EventDate "2021.12.17"]
[EventType "swiss"]
[EventCountry "POL"]
[SourceTitle "playchess.com"]
[Source "ChessBase"]
[SourceQuality "1"]

1. Nf3 d5 2. g3 Nc6 3. d4 Bf5 4. Bg2 e6 5. O-O Be7 6. c4 Nf6 7. Nc3 Nb4 8. Nh4
Bc2 9. Qd2 Ne4 10. Nxe4 Bxe4 11. Bxe4 dxe4 12. Ng2 c5 13. a3 Nc6 14. d5 exd5
15. cxd5 Nd4 16. Qd1 Qxd5 17. b4 Rd8 18. bxc5 Qxc5 19. Be3 Nf3+ 20. exf3 Rxd1
0-1

[Event "European Blitz Championship 2021"]
[Site "Katowice"]
[Date "2021.12.17"]
[Round "12"]
[White "Kowalczyk, Rafal"]
[Black "Gretarsson, Helgi Ass"]
[Result "0-1"]
[WhiteElo "2252"]
[BlackElo "2476"]
[Annotator "ChessBase"]
[PlyCount "74"]
[EventDate "2021.12.17"]
[EventType "swiss"]
[EventCountry "POL"]
[SourceTitle "playchess.com"]
[Source "ChessBase"]
[SourceQuality "1"]

1. e4 g6 2. d4 Bg7 3. Nc3 d6 4. Be3 a6 5. a4 Nf6 6. h3 O-O 7. g4 e5 8. Nge2 Nc6
9. dxe5 Nxe5 10. Ng3 Re8 11. f4 Nc6 12. Bg2 d5 13. e5 d4 14. Bxc6 bxc6 15. Qxd4
Nd5 16. Nxd5 cxd5 17. Rd1 f6 18. Qxd5+ Qxd5 19. Rxd5 Bb7 20. Rd7 Bxh1 21. Nxh1
fxe5 22. f5 gxf5 23. gxf5 Bf6 24. Ke2 Re7 25. Rxe7 Bxe7 26. Nf2 Rb8 27. b3 Rf8
28. Ng4 Bd6 29. Kd3 h5 30. Nh6+ Kg7 31. Ke4 Rf6 32. Bg5 Rxh6 33. Bxh6+ Kxh6 34.
a5 Kg5 35. c3 Kf6 36. h4 c6 37. c4 Bb4 0-1

[Event "European Blitz Championship 2021"]
[Site "Katowice"]
[Date "2021.12.17"]
[Round "12"]
[White "Przybylski, Wojciech"]
[Black "Kyc, Jerzy"]
[Result "0-1"]
[WhiteElo "2247"]
[BlackElo "2250"]
[Annotator "NA"]
[PlyCount "130"]
[EventDate "2021.12.17"]
[EventType "swiss"]
[EventCountry "POL"]
[SourceTitle "playchess.com"]
[Source "ChessBase"]
[SourceQuality "1"]

1. e4 c5 2. Nf3 d6 3. Bb5+ Bd7 4. Bxd7+ Qxd7 5. c4 g6 6. Nc3 Bg7 7. d4 cxd4 8.
Nxd4 Nf6 9. O-O O-O 10. h3 Nc6 11. Be3 Rac8 12. b3 a6 13. Rc1 e6 14. Nde2 Qc7
15. Qd2 Rfd8 16. Rfd1 Qa5 17. Nf4 b5 18. cxb5 axb5 19. Qe2 g5 20. Nd3 h6 21.
Ne1 Rb8 22. h4 g4 23. Nxb5 Qxb5 24. Qxb5 Rxb5 25. Rxc6 Nxe4 26. Rdc1 d5 27. Rc8
Rxc8 28. Rxc8+ Kh7 29. Nc2 e5 30. f3 gxf3 31. gxf3 Ng3 32. Kf2 Nf5 33. h5 d4
34. Bd2 Nd6 35. Rd8 Rd5 36. Nb4 Ne4+ 37. fxe4 Rxd8 38. a4 Bf8 39. Nd5 f5 40.
Nc7 fxe4 41. Ke2 e3 42. Be1 Rc8 43. Nd5 Kg7 44. Kd3 Kf7 45. a5 Ke6 46. Nb6 Rc1
47. Bg3 Rc3+ 48. Ke2 Rxb3 49. Nc4 e4 50. a6 Bc5 51. Be1 d3+ 52. Kf1 e2+ 53. Kg2
Rb1 54. Bc3 e1=Q 55. Bxe1 Rxe1 56. Na5 Ra1 57. Nb3 Ra2+ 58. Kg3 Bd6+ 59. Kg4
Rxa6 60. Nd2 Kd5 61. Kf5 e3 62. Nf1 e2 63. Ne3+ Kd4 64. Ng4 e1=Q 65. Nxh6 Qe4+
0-1

[Event "European Blitz Championship 2021"]
[Site "Katowice"]
[Date "2021.12.17"]
[Round "12"]
[White "Snihur, Piotr"]
[Black "Kolasa, Pjotrs"]
[Result "1-0"]
[WhiteElo "2237"]
[BlackElo "2020"]
[Annotator "NA"]
[PlyCount "93"]
[EventDate "2021.12.17"]
[EventType "swiss"]
[EventCountry "POL"]
[SourceTitle "playchess.com"]
[Source "ChessBase"]
[SourceQuality "1"]

1. d4 Nf6 2. c4 e6 3. Nf3 b6 4. a3 Ba6 5. Qc2 Be7 6. e4 d5 7. cxd5 Bxf1 8. Kxf1
exd5 9. e5 Ne4 10. Nc3 Nxc3 11. bxc3 O-O 12. g3 c5 13. Kg2 Nc6 14. Be3 Rc8 15.
Qd3 Qd7 16. h4 f6 17. exf6 Rxf6 18. Bg5 Re6 19. Rae1 Rf8 20. Rxe6 Qxe6 21. Re1
Rxf3 22. Qxf3 Qxe1 23. Qxd5+ Kf8 24. Qxc6 Bxg5 25. hxg5 Qxc3 26. d5 Qe5 27. d6
Qe6 28. Qa8+ Kf7 29. Qxa7+ Kg6 30. Qxb6 Qd5+ 31. Kh2 Qd4 32. Kg2 Qd5+ 33. Kh2
Qd4 34. Kg2 Qd5+ 35. Kg1 Qd1+ 36. Kg2 Qd5+ 37. Kh2 Qd4 38. d7+ Kh5 39. Kg2 Qd5+
40. Kg1 Qd1+ 41. Kh2 Qxd7 42. Qxc5 Qd2 43. Qe3 Qa2 44. Kg2 Kg6 45. Qe4+ Kf7 46.
a4 Qa3 47. Qf3+ 1-0

[Event "European Blitz Championship 2021"]
[Site "Katowice"]
[Date "2021.12.17"]
[Round "12"]
[White "Smolik, Jachym"]
[Black "Putlak, Wojciech"]
[Result "1-0"]
[WhiteElo "2225"]
[BlackElo "2153"]
[Annotator "NA"]
[PlyCount "117"]
[EventDate "2021.12.17"]
[EventType "swiss"]
[EventCountry "POL"]
[SourceTitle "playchess.com"]
[Source "ChessBase"]
[SourceQuality "1"]

1. d4 Nf6 2. c4 e6 3. Nf3 Bb4+ 4. Bd2 Bxd2+ 5. Qxd2 O-O 6. Nc3 d5 7. e3 b6 8.
cxd5 Nxd5 9. e4 Nxc3 10. bxc3 Bb7 11. Bd3 Nd7 12. O-O c5 13. Qf4 cxd4 14. cxd4
Rc8 15. Rad1 Qe7 16. e5 Bxf3 17. Qxf3 Rc7 18. Rfe1 Rd8 19. d5 exd5 20. Qxd5 Rc5
21. Qe4 Nf8 22. f4 g6 23. f5 Re8 24. e6 fxe6 25. fxe6 Qxe6 26. Qh4 Qf7 27. Rxe8
Qxe8 28. Bc4+ Kg7 29. Qd4+ Qe5 30. Qd3 Qf4 31. Bb3 Rc1 32. h3 Rxd1+ 33. Qxd1
Qe3+ 34. Kh2 Qe5+ 35. Kg1 h5 36. Qd3 Kh6 37. Qd2+ Kg7 38. Qd3 Qe7 39. Qd4+ Kh7
40. Qd5 Qg7 41. Kh2 Nd7 42. Qb7 Nc5 43. Qd5 Nd7 44. Kg1 Qa1+ 45. Kf2 Qf6+ 46.
Kg1 Qg7 47. Qe6 Qd4+ 48. Kf1 Qf6+ 49. Ke2 Qxe6+ 50. Bxe6 Nc5 51. Bc4 Kg7 52.
Ke3 Kf6 53. g3 g5 54. Kd4 h4 55. gxh4 gxh4 56. Kd5 Nd7 57. Kd6 Ne5 58. Ba6 Nd3
59. Bxd3 1-0

[Event "European Blitz Championship 2021"]
[Site "Katowice"]
[Date "2021.12.17"]
[Round "12"]
[White "Wilk, Krzysztof"]
[Black "Brodowski, Piotr"]
[Result "0-1"]
[WhiteElo "2206"]
[BlackElo "2335"]
[Annotator "NA"]
[PlyCount "118"]
[EventDate "2021.12.17"]
[EventType "swiss"]
[EventCountry "POL"]
[SourceTitle "playchess.com"]
[Source "ChessBase"]
[SourceQuality "1"]

1. a3 g6 2. b4 Bg7 3. d4 d6 4. e3 Nd7 5. Bb2 Ngf6 6. Nf3 O-O 7. Be2 b6 8. O-O
Bb7 9. c4 Rb8 10. Nbd2 c5 11. Qc2 a6 12. d5 b5 13. bxc5 Nxc5 14. Rab1 bxc4 15.
Bxf6 Bxf6 16. Bxc4 Qa5 17. Qa2 Na4 18. Ne4 Bg7 19. Qd2 Qxd2 20. Nfxd2 h6 21.
Rb4 Nc3 22. Rc1 Nxe4 23. Nxe4 Ba8 24. Rcb1 Rxb4 25. Rxb4 f5 26. Ng3 Rc8 27. h3
a5 28. Rb5 Rxc4 29. Rb8+ Kf7 30. Rxa8 Ra4 31. Ne2 Rxa3 32. Nf4 Ra1+ 33. Kh2 Be5
34. g3 Bxf4 35. gxf4 a4 36. Kg2 a3 37. Ra7 a2 38. Ra8 g5 39. fxg5 hxg5 40. f4
gxf4 41. exf4 Rd1 42. Rxa2 Rxd5 43. Kf3 Rd3+ 44. Kg2 Kf6 45. Re2 Rd4 46. Kg3
Rd3+ 47. Kg2 e5 48. fxe5+ dxe5 49. h4 f4 50. Ra2 Kf5 51. Ra8 Rd2+ 52. Kh3 Rd1
53. Rf8+ Ke4 54. h5 Rh1+ 55. Kg4 Rg1+ 56. Kh4 f3 57. h6 Ke3 58. Kh5 f2 59. h7
f1=Q 0-1

[Event "European Blitz Championship 2021"]
[Site "Katowice"]
[Date "2021.12.17"]
[Round "12"]
[White "Lewtak, Damian"]
[Black "Stefansson, Hannes"]
[Result "1-0"]
[WhiteElo "2203"]
[BlackElo "2519"]
[Annotator "ChessBase"]
[PlyCount "71"]
[EventDate "2021.12.17"]
[EventType "swiss"]
[EventCountry "POL"]
[SourceTitle "playchess.com"]
[Source "ChessBase"]
[SourceQuality "1"]

1. c3 Nf6 2. d4 b6 3. Bf4 Bb7 4. h3 g6 5. e3 Bg7 6. Nd2 c5 7. Ngf3 d6 8. Be2
Nbd7 9. O-O O-O 10. Bh2 Rc8 11. Re1 Rc7 12. Bf1 Qa8 13. a4 Ne4 14. Nxe4 Bxe4
15. a5 Qb7 16. axb6 axb6 17. Be2 Ra8 18. Qb3 Rcc8 19. Ng5 Bd5 20. Bc4 Rxa1 21.
Rxa1 Ra8 22. Rxa8+ Qxa8 23. Bg3 Bxc4 24. Qxc4 d5 25. Qb5 Qc8 26. Nf3 Bf6 27.
Be5 Bxe5 28. Nxe5 Nxe5 29. dxe5 Qe6 30. f4 f6 31. Qe8+ Kg7 32. Qb8 fxe5 33.
fxe5 Kh6 34. Qf8+ Kh5 35. g4+ Kh4 36. Kg2 1-0

[Event "European Blitz Championship 2021"]
[Site "Katowice"]
[Date "2021.12.17"]
[Round "12"]
[White "Bjerre, Jonas"]
[Black "Keinanen, Toivo"]
[Result "1-0"]
[WhiteElo "2201"]
[BlackElo "2358"]
[Annotator "NA"]
[PlyCount "59"]
[EventDate "2021.12.17"]
[EventType "swiss"]
[EventCountry "POL"]
[SourceTitle "playchess.com"]
[Source "ChessBase"]
[SourceQuality "1"]

1. e4 e6 2. d4 d5 3. Nd2 g6 4. e5 c5 5. c3 Nc6 6. Ndf3 Qb6 7. Bd3 cxd4 8. cxd4
Bb4+ 9. Kf1 Bd7 10. Ne2 f6 11. a3 Be7 12. h4 O-O-O 13. b4 Kb8 14. Bf4 Ka8 15.
Rc1 f5 16. h5 Be8 17. h6 Bd7 18. Bb1 Rc8 19. Nc3 Qd8 20. Qd2 g5 21. Nxg5 Bxg5
22. Bxg5 Nge7 23. Kg1 Rg8 24. Nb5 Nxe5 25. Rxc8+ Qxc8 26. dxe5 Bxb5 27. Bxe7
Qc4 28. Bg5 f4 29. Qxf4 Qe2 30. Bxh7 1-0

[Event "European Blitz Championship 2021"]
[Site "Katowice"]
[Date "2021.12.17"]
[Round "12"]
[White "Brzezinski, Mateusz"]
[Black "Jaskolka, Tomasz"]
[Result "1-0"]
[WhiteElo "2201"]
[BlackElo "2193"]
[Annotator "NA"]
[PlyCount "121"]
[EventDate "2021.12.17"]
[EventType "swiss"]
[EventCountry "POL"]
[SourceTitle "playchess.com"]
[Source "ChessBase"]
[SourceQuality "1"]

1. c4 e6 2. Nc3 f5 3. g3 Nf6 4. Bg2 Be7 5. e3 O-O 6. Nge2 d6 7. d3 e5 8. O-O
Qe8 9. Nd5 Bd8 10. Nec3 c6 11. Nxf6+ Bxf6 12. d4 Na6 13. b3 f4 14. Ne4 fxg3 15.
fxg3 Qe7 16. Bb2 Be6 17. d5 cxd5 18. cxd5 Bd7 19. Ba3 Nc5 20. Bxc5 dxc5 21. d6
Qe8 22. Nxc5 Bc6 23. Rc1 Bxg2 24. Kxg2 Qc6+ 25. Qf3 Qxd6 26. Rfd1 Qe7 27. Qxb7
Qxb7+ 28. Nxb7 Rac8 29. Nd6 Rxc1 30. Rxc1 Rd8 31. Ne4 Rd7 32. Kf3 Kf7 33. Ke2
Rb7 34. Rc6 Ke7 35. Ra6 h6 36. Nc3 Rd7 37. e4 Bg5 38. Nd5+ Kf7 39. b4 Bc1 40.
a4 Ba3 41. Rc6 Bb2 42. b5 Bd4 43. Rc7 Ke6 44. Rxd7 Kxd7 45. Kd3 Kd6 46. Kc4 h5
47. h3 g5 48. g4 hxg4 49. hxg4 Bf2 50. Nb4 Bg1 51. Nc6 Bf2 52. Nd8 Ke7 53. Nb7
Ke6 54. a5 Bg1 55. Nc5+ Kd6 56. Nd3 Be3 57. Nb4 Bf2 58. Nd5 Bg1 59. a6 Kd7 60.
b6 axb6 61. Kb5 1-0